| 000 | 01149nas a2200337 i 4500 | ||
|---|---|---|---|
| 999 |
_c200452546 _d70758 |
||
| 001 | 200452546 | ||
| 003 | TR-AnTOB | ||
| 005 | 20230704095627.0 | ||
| 007 | ta | ||
| 008 | 951027c19999999tu s s000 0 tur d | ||
| 035 | _a(TR-AnTOB)200452546 | ||
| 040 |
_aTR-AnTOB _beng _erda _cTR-AnTOB |
||
| 041 | 0 |
_atur _aeng |
|
| 043 | _aa-cy--- | ||
| 050 | 4 |
_aHC415.2.Z7 _bE46 |
|
| 090 |
_aHC415.2.Z7 _bE46 |
||
| 222 | _aEkonomik ve sosyal göstergeler | ||
| 245 | 0 | 0 |
_aEkonomik ve sosyal göstergeler = _bEconomic and social indicators. |
| 246 | 3 | _aKuzey Kıbrıs Türk Cumhuriyeti ekonomik ve sosyal göstergeler | |
| 246 | 3 | _aTurkihs Republic of Northern Cyprus economic and social indicators. | |
| 264 | 1 |
_a[Kıbrıs] : _bKKTC Devlet Planlama Örgütü, İzleme ve Koordinasyon Dairesi, _c1999- |
|
| 300 |
_avolumes : _btables ; _c27 cm |
||
| 310 | _aAnnual | ||
| 336 |
_atext _btxt _2rdacontent |
||
| 337 |
_aunmediated _bn _2rdamedia |
||
| 338 |
_avolume _bnc _2rdacarrier |
||
| 651 | 0 |
_aKıbrıs, Kuzey _xEkonomik durum _vİstatistikler _vSüreli yayınlar _963071 |
|
| 942 |
_2lcc _cCR |
||